000 00308nam a22001337a 4500
008 181001b xxu||||| |||| 00| 0 eng d
020 _a9780195135336
041 _aeng
080 _a159.9
100 _a49
101 _aPSI
245 _aHnadbook Of Positive Psychology
_cSnysder.C.R
942 _2udc
_cBK
999 _c48710
_d48710